Statistics for Song to Artist #4

Click here to take the quiz!

General Stats

  • This quiz has been taken 18 times
  • The average score is 6 of 15

Answer Stats

SongArtist% Correct
Castle On The HillEd Sheeran
60%
Sign Of The TimesHarry Styles
60%
Something Just Like ThisThe Chainsmokers & Coldplay
60%
DespacitoLuis Fonsi & Daddy Yankee ft. Justin Bieber
53%
AttentionCharlie Puth
47%
MalibuMiley Cyrus
47%
That's What I LikeBruno Mars
40%
BelieverImagine Dragons
40%
It Ain't MeKygo & Selena Gomez
40%
There's Nothing Holdin' Me BackShawn Mendes
40%
Say You Won't Let GoJames Arthur
33%
The CureLady Gaga
20%
StayZedd & Alessia Cara
20%
Body Like A Back RoadSam Hunt
13%
Now or NeverHalsey
7%

Score Distribution

Percentile by Number Answered

Percent of People with Each Score

Your Score History

You have not taken this quiz